000 00797nam a2200241Ia 4500
003 OSt
005 20220923220333.0
006 a|||||r|||| 00| 0
007 ta
008 220922b |||||||| |||| 00| 0 hin d
024 _a186,030
037 _cTextual
040 _aARTS
_cARTS
_bhin
041 _2hin
_ahin
082 _aY38:383v2.N, 152L9
100 _aमुखर्जी, विश्वनाथ
245 0 _aवंदे मातरम् का इतिहास
246 _aVande mātaram kā itihāsa
260 _aनई दिल्ली
_b सरस्वती प्रकाशन
_c1982
300 _a191 पृ.
_ccm.
942 _hY38:383v2.N, 152L9
_cTEXL
_2CC
999 _c339275
_d339275